| 000 | 00475cam a2200193ua 4500 | ||
|---|---|---|---|
| 001 | 8940 | ||
| 005 | 20260515114415.0 | ||
| 008 | 150218n ii |||gr||||Z||||||asm | ||
| 040 | _cMAIN | ||
| 041 | _aasm | ||
| 082 | _a891.4513 | ||
| 100 |
_aHazarika, T., _etranslator. |
||
| 245 | 1 |
_aDin-dukhi _cTranslated by T. Hazarika |
|
| 250 | _a2nd. | ||
| 260 |
_aGuwahati: _bSaraighat, _c1996. |
||
| 300 | _a188p. | ||
| 653 | _aEast Indo-European & Celtic literatures | ||
| 942 | _cBK | ||
| 999 |
_c8027 _d8027 |
||